F Vocabulary Words - Statistics

General Stats
  • This quiz has been taken 1,696 times
    1,695 since last reset
  • The average score is 8 of 15
Answer Stats
Definition Word % Correct
famed, renowned famous
85%
enthusiast fanatic
81%
idiot fool
70%
great, brilliant fantastic
64%
lucky fortunate
64%
to drift float
62%
perfume fragrance
61%
to manufacture fabricate
50%
to predict foretell
46%
brow forehead
44%
lobby foyer
44%
cunning foxy
43%
silly foolish
41%
previously formerly
37%
to operate function
33%
No matching quizzes found
Score Distribution
Percent of People with Each Score
Percentile by Number Answered
Your Score History
You have not taken this quiz since the last reset